Statistics for Countries With Most Car Sales

Click here to take the quiz!

General Stats

  • This quiz has been taken 74 times
  • The average score is 17 of 20

Answer Stats

#Country% Correct
2.9 mGermany
100%
0.5 mMexico
100%
1.6 mUnited Kingdom
98%
3.4 mUnited States
98%
20.2 mChina
97%
3.8 mJapan
97%
1.4 mRussia
97%
1.7 mFrance
95%
0.9 mSpain
95%
1.6 mBrazil
94%
2.4 mIndia
94%
1.4 mItaly
92%
1.6 mSouth Korea
90%
0.7 mAustralia
87%
0.4 mPoland
84%
0.6 mTurkey
83%
0.4 mIndonesia
78%
0.4 mSaudi Arabia
71%
0.5 mMalaysia
62%
0.4 mBelgium
27%

Score Distribution

Percentile by Number Answered

Percent of People with Each Score

Your Score History

You have not taken this quiz